GONE WITH THE WIND (Record no. 56910)

MARC details
000 -LEADER
fixed length control field 00422nam a2200181Ia 4500
008 - FIXED-LENGTH DATA ELEMENTS--GENERAL INFORMATION
fixed length control field 090123s9999 xx 000 0 und d
082 ## - DEWEY DECIMAL CLASSIFICATION NUMBER
Item number 18846
100 ## - MAIN ENTRY--PERSONAL NAME
Personal name MARGARET MITCHELL
245 ## - TITLE STATEMENT
Title GONE WITH THE WIND
250 ## - EDITION STATEMENT
Edition statement 0
260 ## - PUBLICATION, DISTRIBUTION, ETC. (IMPRINT)
Name of publisher, distributor, etc PAN BOOK
300 ## - PHYSICAL DESCRIPTION
Extent 1011
600 ## - SUBJECT ADDED ENTRY--PERSONAL NAME
Personal name MARGARET MITCHELL
630 ## - SUBJECT ADDED ENTRY--UNIFORM TITLE
Uniform title GONE WITH THE WIND
700 ## - ADDED ENTRY--PERSONAL NAME
Personal name MARGARET MITCHELL
730 ## - ADDED ENTRY--UNIFORM TITLE
Uniform title GONE WITH THE WIND
942 ## - ADDED ENTRY ELEMENTS (KOHA)
Koha item type Book
Holdings
Withdrawn status Lost status Damaged status Not for loan Home library Current library Date acquired Cost, normal purchase price Total Checkouts Full call number Barcode Date last seen Cost, replacement price Price effective from Koha item type
        Jawahar Wachalanalaya, Kalwa Jawahar Wachalanalaya, Kalwa 03/31/2002 92.50   18846 KLW-18846 01/23/2009 92.50 01/23/2009 Book